Online
Catalog

Política, gobierno y gerencia de las organizaciones : (Record no. 36695)

MARC details
000 -CABECERA
campo de control de longitud fija 00801nam a2200205 a 4500
001 - NÚMERO DE CONTROL
campo de control 000037205
005 - FECHA Y HORA DE LA ÚLTIMA TRANSACCIÓN
campo de control 20200930080215.0
008 - DATOS DE LONGITUD FIJA--INFORMACIÓN GENERAL
campo de control de longitud fija 120301s2000 ag 000 0 spa d
020 ## - NÚMERO INTERNACIONAL ESTÁNDAR DEL LIBRO
Número Internacional Estándar del Libro 9879460030
040 ## - FUENTE DE LA CATALOGACIÓN
Centro catalogador/agencia de origen DO-SdBNP
Lengua de catalogación spa
Centro/agencia transcriptor BNPHU
082 ## - NÚMERO DE LA CLASIFICACIÓN DECIMAL DEWEY
Número de clasificación xxxx
Número de documento/Ítem xxxx
100 1# - ENTRADA PRINCIPAL--NOMBRE DE PERSONA
Nombre de persona Etkin, Jorge
9 (RLIN) 63620
245 10 - MENCIÓN DE TÍTULO
Título Política, gobierno y gerencia de las organizaciones :
Resto del título acuerdos, dualidades y divergencias /
Mención de responsabilidad, etc. Jorge Etkin ; prólogo Francisco Suárez.
260 ## - PUBLICACIÓN, DISTRIBUCIÓN, ETC.
Lugar de publicación, distribución, etc. Buenos Aires, Argentina, :
Nombre del editor, distribuidor, etc. Pearson educación
-- Prentice Hall,
Fecha de publicación, distribución, etc. 2000.
300 ## - DESCRIPCIÓN FÍSICA
Extensión xxxvii, 411 p. ;
Dimensiones 23 cm.
500 ## - NOTA GENERAL
Nota general Incluye índice temático
504 ## - NOTA DE BIBLIOGRAFÍA, ETC.
Nota de bibliografía, etc. Incluye referencias bibliográficas y notas al pie de las páginas
504 ## - NOTA DE BIBLIOGRAFÍA, ETC.
Nota de bibliografía, etc. Bibliografía : p. 176-177-217-218-399-401
700 1# - PUNTO DE ACCESO ADICIONAL--NOMBRE DE PERSONA
Nombre de persona Suárez, Francisco,
Término indicativo de función/relación pról.
9 (RLIN) 30474
Holdings
Estado de retiro Estado de pérdida Restricciones de uso No para préstamo Código de colección Localización permanente Ubicación/localización actual Ubicación en estantería Fecha de adquisición Número de inventario Total de préstamos Signatura topográfica completa Código de barras Fecha visto por última vez Precio válido a partir de Tipo de ítem Koha Número de copia
      Excluido de préstamo Monografías: Libros y Folletos General General Depósito 01.03.2012 LF1   xxxx xxxx 37205-10 25.06.2020 25.06.2020 No se presta  
      Excluido de préstamo Monografías: Libros y Folletos General General Depósito 01.03.2012 LF1   xxxx xxxx 37205-20 25.06.2020 25.06.2020 No se presta e. 2
        Monografías: Libros y Folletos General General Depósito 21.07.2014 LF1   xxxx xxxx 37205-30 25.06.2020 25.06.2020 Préstamo en sala e. 3
        Monografías: Libros y Folletos General General Depósito 21.07.2014 LF1   xxxx xxxx 37205-40 25.06.2020 25.06.2020 Préstamo en sala e. 4

Powered by Koha